| 000 | 00666nam a2200181 a 4500 | ||
|---|---|---|---|
| 001 | 000037338 | ||
| 005 | 20200930080311.0 | ||
| 008 | 120328s1982 sp 000 0 spa d | ||
| 020 | _a8400052501 | ||
| 040 |
_aDO-SdBNP _bspa _cBNPHU |
||
| 100 | 1 |
_aAparici Llanas, María Pilar _963805 |
|
| 245 | 1 | 4 |
_aLas novelas de tesis de Benito Pérez Galdos / _cMaría Pilar Aparici Llanas. |
| 260 |
_aBarcelona : _bConsejo Superior de Investigaciones Científicas, _c1982. |
||
| 300 |
_a386 p. ; _c25 cm. |
||
| 504 | _aBibliografía : p. 379-386 | ||
| 504 | _aIncluye referencias bibliográficas y notas al pie de las páginas | ||
| 710 | 2 |
_aInstitució Milà i Fontanals _963806 |
|
| 999 |
_c36828 _d36828 |
||